| 000 | 00819cam a2200265 a 4500 | ||
|---|---|---|---|
| 001 | 000010640 | ||
| 005 | 20250225115440.0 | ||
| 008 | 910611s1968 sp ac 001 0 spa | ||
| 035 | _a(DLC) 72215178 | ||
| 035 | _a(OCoLC)23912226 | ||
| 040 |
_aDO-SdBNP _cMB _dDLC |
||
| 042 | _apremarc | ||
| 082 |
_a509 _bG216h, 1968 |
||
| 100 | 1 |
_aGarcía Font, Juan. _925747 |
|
| 245 | 1 | 0 |
_aHistoria de la ciencia / _cJuan García Font ; prólogo de Rafael Masclans Girvés. |
| 250 | _a3a ed. | ||
| 260 |
_aBarcelona : _bDanae, _c1968. |
||
| 300 |
_a575 p. : _bil., retrs. ; _c24 cm. |
||
| 490 | 1 | _aBiblioteca de la cultura | |
| 650 | 0 |
_aCIENCIA - _xHISTORIA _925748 |
|
| 700 | 1 |
_aMasclans Girvés, Rafael _epról. _925749 |
|
| 830 | 0 |
_aBiblioteca de la cultura ; _925750 |
|
| 910 | _aCatalogación derivada | ||
| 049 | _aBNGR | ||
| 999 |
_c10398 _d10398 |
||